[Event "Rentree-B"]
[Site "Gatineau CAN"]
[Date "2016.10.11"]
[Round "5"]
[White "Piche, Guy"]
[Black "Rioux, Jocelyn"]
[Result "1-0"]
[WhiteElo "1579"]
[BlackElo "1380"]
[PlyCount "139"]
[EventDate "2016.09.13"]
[EventType "swiss"]
[EventRounds "5"]
[EventCountry "CAN"]

1. d4 Nf6 2. c4 e6 3. Nc3 Bb4 4. Bd2 c5 5. e3 O-O 6. Bd3 Nc6 7. Nge2 b6 8. O-O
Bxc3 9. Bxc3 Nb4 10. Bb1 Bb7 11. a3 Nc6 12. Qd3 Ne7 13. dxc5 Be4 14. Qd1 Bxb1
15. Qxb1 bxc5 16. b4 Rb8 17. Qd3 cxb4 18. axb4 Qc7 19. f4 Ng6 20. Ra5 d6 21.
Rfa1 Ra8 22. Nd4 Rfc8 23. c5 dxc5 24. Rxc5 Qb7 25. Rxc8+ Rxc8 26. Nf3 Qc6 27.
Bxf6 gxf6 28. Rxa7 Qc1+ 29. Kf2 Qb2+ 30. Kg3 Qxb4 31. Qd7 Qf8 32. Nd4 Rd8 33.
Qb7 Rb8 34. Qa6 Qc8 35. Qa5 Qd8 36. Qa3 Qf8 37. Qa2 Qh6 38. h3 Qh4+ 39. Kh2
Nxf4 40. Nf3 Qh6 41. exf4 Qxf4+ 42. Kh1 Qc1+ 43. Ng1 Rb1 44. Qf2 Qe1 45. Qxe1
Rxe1 46. Kh2 Kg7 47. Nf3 Re4 48. Rd7 Kg6 49. Kg3 f5 50. Nd2 f4+ 51. Kf3 Rb4 52.
Ne4 f5 53. Nd2 h6 54. Re7 Kf6 55. Rc7 Rd4 56. Nc4 Kg5 57. Ne5 Re4 58. Nc4 Re1
59. Rg7+ Kf6 60. Rh7 Kg6 61. Re7 Kf6 62. Re8 e5 63. Kf2 Re3 64. Nxe3 fxe3+ 65.
Kxe3 e4 66. Kf4 Kf7 67. Re5 Kf6 68. Rxf5+ Kg6 69. Kxe4 h5 70. g4 1-0

[Event "Rentree-B"]
[Site "Gatineau CAN"]
[Date "2016.10.11"]
[Round "5"]
[White "Traversy, Pierre"]
[Black "Clermont, Yves"]
[Result "0-1"]
[WhiteElo "1234"]
[BlackElo "1252"]
[PlyCount "146"]
[EventDate "2016.09.13"]
[EventType "swiss"]
[EventRounds "5"]
[EventCountry "CAN"]

1. d4 d5 2. Nf3 Nf6 3. c3 Bf5 4. Nbd2 e6 5. e3 c5 6. Be2 Nc6 7. dxc5 Bxc5 8.
Nd4 O-O 9. Nxf5 exf5 10. Nf3 Qd6 11. O-O Rfe8 12. Nd4 Nxd4 13. cxd4 Bb6 14. Bf3
Ne4 15. Bd2 Rac8 16. a3 a5 17. Rc1 Bc7 18. g3 Re7 19. b4 Qa6 20. Bg2 Qd3 21.
Be1 Qxa3 22. Ra1 Qb2 23. Rb1 Qa2 24. Qb3 Qxb3 25. Rxb3 a4 26. Rb1 a3 27. Ra1
Ra8 28. f4 Bd6 29. Bxe4 dxe4 30. Bd2 b5 31. Rfc1 Rb7 32. Ra2 Ra4 33. Rb1 Kf8
34. Kf2 h5 35. h4 f6 36. Ke2 Rc7 37. Kd1 Rc4 38. Rba1 Bxb4 39. Bxb4+ Rcxb4 40.
Rxa3 Rxa3 41. Rxa3 g6 42. Kc2 Ke7 43. Rb3 Rc4+ 44. Rc3 Ra4 45. Kb3 Ra1 46. Kb4
Rg1 47. Rc7+ Kd6 48. Rf7 Ke6 49. Rg7 Rxg3 50. Kxb5 Rxe3 51. Rxg6 Kd5 52. Rxf6
Kxd4 53. Rd6+ Kc3 54. Rd5 Rh3 55. Rxf5 Rxh4 56. Kc5 Kd3 57. Rd5+ Ke3 58. f5 Rf4
59. Re5 h4 60. f6 Rxf6 61. Rh5 Rf4 62. Kd5 Kf3 63. Rg5 h3 64. Rg1 Rg4 65. Rf1+
Ke2 66. Rh1 Rg3 67. Kxe4 Kf2 68. Kf4 Kg2 69. Rd1 h2 70. Rd2+ Kh3 71. Rd1 Rg1
72. Rd3+ Kh4 73. Rd5 h1=Q 0-1

[Event "Riedstra mem."]
[Site "Kitchener CAN"]
[Date "2016.03.12"]
[Round "1"]
[White "Mark, Eddie"]
[Black "Zhang, Henry"]
[Result "1/2-1/2"]
[WhiteElo "2332"]
[BlackElo "2046"]
[PlyCount "54"]
[EventDate "2016.03.12"]
[EventType "swiss"]
[EventRounds "5"]
[EventCountry "CAN"]

1. d4 Nf6 2. Nf3 g6 3. g3 Bg7 4. Bg2 d5 5. c4 O-O 6. O-O dxc4 7. Ne5 Nd5 8.
Nxc4 Nb6 9. Na5 c6 10. Nb3 a5 11. a4 Na6 12. Nc3 Nc4 13. Qd3 Be6 14. d5 cxd5
15. Bxd5 Nxb2 16. Bxb2 Nb4 17. Qb5 Nxd5 18. Nxd5 Bxb2 19. Rad1 Bxd5 20. Rxd5
Qc7 21. Rb1 Qc2 22. Rbd1 Qc6 23. Nxa5 Qxb5 24. Rxb5 Bc3 25. Nxb7 Rxa4 26. Rd7
Bf6 27. Nc5 Rd4 1/2-1/2

[Event "Riedstra mem. U1600"]
[Site "Kitchener CAN"]
[Date "2016.03.12"]
[Round "3"]
[White "Xie, Austin"]
[Black "Nguyen, John"]
[Result "0-1"]
[WhiteElo "1353"]
[BlackElo "1340"]
[PlyCount "92"]
[EventDate "2016.03.12"]
[EventType "swiss"]
[EventRounds "5"]
[EventCountry "CAN"]

1. e4 e6 2. d4 d5 3. e5 c5 4. c3 Nc6 5. Be3 Qb6 6. Qd2 Bd7 7. Nf3 Rc8 8. Be2
cxd4 9. cxd4 Nge7 10. Nc3 Nf5 11. O-O Bb4 12. Rab1 Na5 13. Rfc1 O-O 14. Bd1 Nc4
15. Qe2 Qa5 16. a3 Be7 17. a4 b6 18. Bf4 Bb4 19. Na2 Be7 20. b4 Qa6 21. b5 Qb7
22. Nb4 Bxb4 23. Rxb4 a6 24. bxa6 Qxa6 25. Bd2 Ne7 26. Bb3 b5 27. axb5 Bxb5 28.
Bxc4 Bxc4 29. Qe3 Nc6 30. Rbb1 Rb8 31. Ra1 Qb5 32. Rcb1 Qxb1+ 33. Rxb1 Rxb1+
34. Be1 Ra8 35. h3 Nb4 36. Kh2 Nc2 37. Qd2 Nxe1 38. Nxe1 Ra2 39. Qg5 h6 40.
Qd8+ Kh7 41. Nf3 Rxf2 42. Qh4 Rbb2 43. Kg3 Rxg2+ 44. Kf4 Rbf2 45. Ke3 Re2+ 46.
Kf4 Re4# 0-1

[Event "Rosenbloom mem."]
[Site "Winnipeg CAN"]
[Date "2016.11.01"]
[Round "1"]
[White "Baron, Gustav"]
[Black "Rutter, Blair"]
[Result "0-1"]
[WhiteElo "2076"]
[BlackElo "1875"]
[PlyCount "134"]
[EventDate "2016.11.01"]
[EventType "swiss"]
[EventRounds "7"]
[EventCountry "CAN"]

1. f4 d5 2. Nf3 c5 3. b3 Nc6 4. Bb2 Nf6 5. e3 e6 6. Bb5 Be7 7. O-O Qb6 8. Bxc6+
bxc6 9. Ne5 c4 10. Kh1 a5 11. Nc3 Ba6 12. Rf3 Rd8 13. Qe1 c5 14. Qg3 O-O 15.
Na4 Qc7 16. Qh3 cxb3 17. axb3 d4 18. d3 Nd5 19. e4 Nxf4 20. Rxf4 Qxe5 21. Raf1
Bb5 22. Bc1 Bxa4 23. bxa4 Bg5 24. g3 f5 25. Rxf5 exf5 26. Bxg5 Rde8 27. Bf4 Qe6
28. e5 Qc6+ 29. Qg2 Qxg2+ 30. Kxg2 Rb8 31. e6 Rb2 32. Rf2 Rb6 33. Re2 Re8 34.
Re5 Rc6 35. e7 Kf7 36. Rxf5+ Kxe7 37. Bg5+ Ke6 38. g4 Rb8 39. Rf2 Rb4 40. Re2+
Kf7 41. Re7+ Kg6 42. h4 h6 43. Bf4 Kf6 44. Ra7 Rxa4 45. Kf3 g5 46. Bg3 Re6 47.
Rc7 c4 48. dxc4 Ra3+ 49. Kf2 Rc3 50. c5 Rxc2+ 51. Kf1 a4 52. Ra7 Rc4 53. h5 d3
54. Rd7 Rc3 55. Bf2 Rc1+ 56. Kg2 Re2 57. Rxd3 Rxc5 58. Kf3 Rcc2 59. Bg3 Re6 60.
Rd5 Rc4 61. Rd3 Rb6 62. Kf2 Rxg4 63. Bd6 Re4 64. Rd2 Rb3 65. Ra2 Ke6 66. Bf8
Rh4 67. Bxh6 Rh2+ 0-1

[Event "Rosenbloom mem."]
[Site "Winnipeg CAN"]
[Date "2016.11.01"]
[Round "1"]
[White "Bince, Rolando"]
[Black "Wiebe, Isaac"]
[Result "0-1"]
[WhiteElo "1976"]
[BlackElo "2186"]
[PlyCount "114"]
[EventDate "2016.11.01"]
[EventType "swiss"]
[EventRounds "7"]
[EventCountry "CAN"]

1. e4 e6 2. d4 d5 3. Nc3 Bb4 4. e5 c5 5. Qg4 Ne7 6. Bb5+ Bd7 7. Bxd7+ Nxd7 8.
Nf3 cxd4 9. O-O O-O 10. Bg5 Kh8 11. Qxd4 Bxc3 12. Qxc3 f6 13. exf6 gxf6 14. Bh6
Rg8 15. Ng5 Qe8 16. Nxe6 Nf5 17. Qh3 Qxe6 18. Rae1 Ne5 19. Kh1 Qc8 20. Bf4 Ng6
21. Bd2 Ng7 22. Qf3 Qf5 23. Qb3 b6 24. Re3 Ne5 25. Bc3 Rad8 26. Bxe5 fxe5 27.
Rf3 Qe6 28. Rg3 Nf5 29. Rh3 Qg6 30. Rg1 d4 31. g4 Qc6+ 32. Qf3 Qxf3+ 33. Rxf3
Nd6 34. h3 Rgf8 35. Rxf8+ Rxf8 36. Kg2 Ne4 37. Rf1 Kg7 38. h4 Rf4 39. f3 Nd6
40. Kg3 Nc4 41. b3 Ne3 42. Rf2 h5 43. c3 hxg4 44. cxd4 Nf5+ 45. Kg2 Nxh4+ 46.
Kh2 Nxf3+ 47. Kg3 Rxd4 48. Rc2 Rd7 49. Kxg4 Nd4 50. Rc4 Kf6 51. b4 Rg7+ 52. Kh3
Kf5 53. a4 Kf4 54. a5 b5 55. Rc8 Rg3+ 56. Kh2 Nf3+ 57. Kh1 Rg1# 0-1

[Event "Rosenbloom mem."]
[Site "Winnipeg CAN"]
[Date "2016.11.01"]
[Round "1"]
[White "Boron, Anthony"]
[Black "Dawa, Arvin"]
[Result "1/2-1/2"]
[WhiteElo "2032"]
[BlackElo "2239"]
[PlyCount "81"]
[EventDate "2016.11.01"]
[EventType "swiss"]
[EventRounds "7"]
[EventCountry "CAN"]

1. e4 c6 2. d4 d5 3. Nc3 dxe4 4. Nxe4 Nd7 5. Nf3 Ngf6 6. Bd3 Nxe4 7. Bxe4 Nf6
8. Bd3 Bg4 9. c3 e6 10. h3 Bh5 11. Bf4 Be7 12. O-O O-O 13. g4 Bg6 14. Ne5 Bxd3
15. Qxd3 Qb6 16. Bg3 Rad8 17. Qc2 c5 18. dxc5 Qxc5 19. Rad1 Nd5 20. Qe4 f5 21.
Qe2 Bf6 22. Nd3 Qc6 23. Be5 Qa6 24. a3 Qc4 25. gxf5 exf5 26. Rfe1 Qh4 27. Qf3
Bxe5 28. Rxe5 Nf4 29. Nxf4 Rxd1+ 30. Qxd1 Qxf4 31. Re3 Qc7 32. Qd5+ Qf7 33. Re5
g6 34. Qc5 b6 35. Qd6 Re8 36. Rxe8+ Qxe8 37. Qd5+ Kg7 38. Qd4+ Kf7 39. Qd5+ Qe6
40. Qb7+ Qe7 41. Qd5+ 1/2-1/2

[Event "Rosenbloom mem."]
[Site "Winnipeg CAN"]
[Date "2016.11.01"]
[Round "1"]
[White "Gentes, Kevin"]
[Black "Magnusson, Saul"]
[Result "1/2-1/2"]
[WhiteElo "2363"]
[BlackElo "2075"]
[PlyCount "75"]
[EventDate "2016.11.01"]
[EventType "swiss"]
[EventRounds "7"]
[EventCountry "CAN"]

1. d4 Nf6 2. c4 g6 3. Nf3 Bg7 4. Nc3 d5 5. e3 O-O 6. b4 Bf5 7. Qb3 Nbd7 8. c5
c6 9. Nh4 e5 10. Nxf5 gxf5 11. dxe5 Ne4 12. Bb2 Nxe5 13. Nxe4 fxe4 14. Be2 a5
15. O-O Qg5 16. Kh1 a4 17. Qc2 Rae8 18. Bd4 Re6 19. f4 exf3 20. gxf3 Rg6 21.
Rg1 Qh4 22. f4 Nd7 23. Bxg7 Kxg7 24. Bd3 Rxg1+ 25. Rxg1+ Kh8 26. Qg2 Qh6 27. a3
Nf6 28. Qb2 Rg8 29. Rxg8+ Kxg8 30. Qg2+ Kf8 31. Kg1 Qh5 32. Be2 Qf5 33. Qg5
Qb1+ 34. Kg2 Qb2 35. Kf3 Ne4 36. Qf5 Qb1 37. Qc8+ Kg7 38. Qg4+ 1/2-1/2

[Event "Rosenbloom mem."]
[Site "Winnipeg CAN"]
[Date "2016.11.01"]
[Round "1"]
[White "Valentino, Marcos"]
[Black "Wolchock, Theo"]
[Result "1/2-1/2"]
[WhiteElo "2224"]
[BlackElo "2001"]
[PlyCount "53"]
[EventDate "2016.11.01"]
[EventType "swiss"]
[EventRounds "7"]
[EventCountry "CAN"]

1. d4 Nf6 2. Nf3 d5 3. g3 c6 4. Bg2 g6 5. O-O Bg7 6. Nbd2 O-O 7. Re1 Nbd7 8. c4
a6 9. cxd5 cxd5 10. b3 b5 11. Bb2 Bb7 12. Rc1 Rc8 13. Ne5 Nxe5 14. dxe5 Nd7 15.
Nf3 e6 16. Ba3 Re8 17. Bd6 Qa5 18. a3 Rxc1 19. Qxc1 Rc8 20. Qg5 h6 21. Qe7 Qd8
22. Qxd8+ Rxd8 23. Rc1 Rc8 24. Rxc8+ Bxc8 25. e3 Bf8 26. Bxf8 Kxf8 27. Kf1
1/2-1/2

[Event "Rosenbloom mem."]
[Site "Winnipeg CAN"]
[Date "2016.11.08"]
[Round "2"]
[White "Bince, Rolando"]
[Black "Baron, Gustav"]
[Result "1-0"]
[WhiteElo "1976"]
[BlackElo "2076"]
[PlyCount "35"]
[EventDate "2016.11.01"]
[EventType "swiss"]
[EventRounds "7"]
[EventCountry "CAN"]

1. e4 Nf6 2. e5 Nd5 3. c4 Nb6 4. d4 d6 5. f4 Bf5 6. Nf3 e6 7. Bd3 Bxd3 8. Qxd3
Nc6 9. O-O dxe5 10. fxe5 Be7 11. a3 a5 12. Nc3 a4 13. Be3 Na5 14. Nd2 c5 15. d5
Rc8 16. Qe4 Naxc4 17. Nxc4 exd5 18. Qf3 1-0

[Event "Rosenbloom mem."]
[Site "Winnipeg CAN"]
[Date "2016.11.08"]
[Round "2"]
[White "Czarny, Keith"]
[Black "Valentino, Marcos"]
[Result "0-1"]
[WhiteElo "1637"]
[BlackElo "2224"]
[PlyCount "92"]
[EventDate "2016.11.01"]
[EventType "swiss"]
[EventRounds "7"]
[EventCountry "CAN"]

1. c4 Nf6 2. Nc3 c5 3. g3 Nc6 4. Bg2 g6 5. Nf3 Bg7 6. O-O O-O 7. d3 d6 8. Bd2
Bd7 9. Qc1 Re8 10. Rb1 Rb8 11. Re1 Nd4 12. Nxd4 cxd4 13. Ne4 Bc6 14. Nxf6+ Bxf6
15. Bxc6 bxc6 16. Qc2 Qd7 17. e3 c5 18. exd4 Bxd4 19. Bc3 Bxc3 20. Qxc3 e5 21.
f3 Qa4 22. Ra1 Qb4 23. Qxb4 Rxb4 24. f4 Rxb2 25. fxe5 Rxe5 26. Rxe5 dxe5 27. a4
a5 28. Ra3 Kf8 29. h3 Ke7 30. Kh1 h5 31. h4 Ke6 32. Kg1 Kf5 33. Kf1 Kg4 34. Kg1
f5 35. Kf1 Kh3 36. Kg1 Kg4 37. Kf1 f4 38. gxf4 exf4 39. Ra1 Rd2 40. Rb1 Kf3 41.
Kg1 Kg3 42. Kh1 Kxh4 43. Rf1 g5 44. Re1 f3 45. Re4+ Kg3 46. Re1 Rh2+ 0-1

[Event "Rosenbloom mem."]
[Site "Winnipeg CAN"]
[Date "2016.11.08"]
[Round "2"]
[White "Dawa, Arvin"]
[Black "Prince, Colin"]
[Result "0-1"]
[WhiteElo "2239"]
[BlackElo "1895"]
[PlyCount "72"]
[EventDate "2016.11.01"]
[EventType "swiss"]
[EventRounds "7"]
[EventCountry "CAN"]

1. d4 Nf6 2. Nf3 d5 3. Bg5 e6 4. Nbd2 Be7 5. e3 Nbd7 6. Bd3 h6 7. Bh4 c5 8. c3
b6 9. O-O Bb7 10. a4 a5 11. Ne5 O-O 12. f4 Ne4 13. Bxe7 Qxe7 14. Bxe4 dxe4 15.
Qc2 Nf6 16. Rfe1 Rac8 17. Qb3 Qc7 18. Qb5 Rb8 19. Rac1 Rfd8 20. Ndc4 Ba8 21.
Na3 Nd7 22. Qe2 Nxe5 23. fxe5 Qe7 24. Rf1 Bc6 25. Nb5 Bxb5 26. Qxb5 Rf8 27. Rf4
f5 28. exf6 Rxf6 29. Rxe4 Rbf8 30. Qxb6 Qf7 31. Rf4 Rxf4 32. exf4 Qxf4 33.
Qxe6+ Kh8 34. Qe1 cxd4 35. c4 d3 36. Qf1 Qe3+ 0-1

[Event "Rosenbloom mem."]
[Site "Winnipeg CAN"]
[Date "2016.11.08"]
[Round "2"]
[White "Magnusson, Saul"]
[Black "Boron, Anthony"]
[Result "0-1"]
[WhiteElo "2075"]
[BlackElo "2032"]
[PlyCount "144"]
[EventDate "2016.11.01"]
[EventType "swiss"]
[EventRounds "7"]
[EventCountry "CAN"]

1. d4 d5 2. c4 e6 3. Nc3 Nf6 4. cxd5 exd5 5. Bg5 Be7 6. Qc2 c6 7. e3 O-O 8. Bd3
h6 9. Bh4 Re8 10. h3 Nbd7 11. Nf3 Ne4 12. Bxe7 Qxe7 13. Rb1 a5 14. a3 Ndf6 15.
Ne5 Nxc3 16. Qxc3 Ne4 17. Bxe4 dxe4 18. g4 Be6 19. Qc2 Ba2 20. Rc1 Bd5 21. h4
c5 22. Qxc5 Qxc5 23. Rxc5 Rac8 24. Rxc8 Rxc8 25. Kd2 f6 26. Nd7 Be6 27. Nc5
Bxg4 28. Nxe4 Bf3 29. Nd6 Rc6 30. Rh3 Bd5 31. Nxb7 Rb6 32. Nc5 Rxb2+ 33. Ke1
Bc4 34. f4 Re2+ 35. Kd1 Ra2 36. e4 Be2+ 37. Kc1 Bg4 38. Rg3 h5 39. Rb3 Rh2 40.
Rb8+ Kh7 41. d5 Rxh4 42. d6 Rh1+ 43. Kc2 Rh2+ 44. Kc3 Rh1 45. Kd4 Rd1+ 46. Nd3
h4 47. f5 Be2 48. Rb3 h3 49. d7 h2 50. d8=Q h1=Q 51. Qd5 Bxd3 52. Rxd3 Rxd3+
53. Kxd3 Qd1+ 54. Kc4 Qa4+ 55. Kc5 Qxa3+ 56. Kc6 Qa4+ 57. Kc7 Qb4 58. e5 Qe7+
59. Kb6 Qb4+ 60. Ka6 fxe5 61. Qxe5 a4 62. Qh2+ Kg8 63. Qa2+ Qb3 64. Qe2 Qf7 65.
Qf3 Qc4+ 66. Ka7 Qf7+ 67. Ka6 Qc4+ 68. Ka7 Qc5+ 69. Ka6 Qd6+ 70. Ka7 Kf8 71.
Qa8+ Kf7 72. Qe4 Qe7+ 0-1

[Event "Rosenbloom mem."]
[Site "Winnipeg CAN"]
[Date "2016.11.08"]
[Round "2"]
[White "Rutter, Blair"]
[Black "Gentes, Kevin"]
[Result "0-1"]
[WhiteElo "1875"]
[BlackElo "2363"]
[PlyCount "56"]
[EventDate "2016.11.01"]
[EventType "swiss"]
[EventRounds "7"]
[EventCountry "CAN"]

1. c4 e6 2. g3 Nf6 3. Bg2 d5 4. d3 Bb4+ 5. Bd2 Be7 6. Nf3 O-O 7. Qb3 Nbd7 8.
O-O a5 9. a4 c6 10. Nc3 d4 11. Nb1 e5 12. Na3 Re8 13. Rad1 Bf8 14. e3 Nc5 15.
Qc2 Bf5 16. e4 Nfxe4 17. dxe4 Bxe4 18. Bg5 Bxc2 19. Bxd8 Bxd1 20. Bg5 Be2 21.
Re1 d3 22. Nd2 Nxa4 23. b3 Nc3 24. Nab1 Bb4 25. Nxc3 Bxc3 26. Bf1 Bxf1 27. Kxf1
a4 28. Rb1 a3 0-1

[Event "Rosenbloom mem."]
[Site "Winnipeg CAN"]
[Date "2016.11.08"]
[Round "2"]
[White "Wolchock, Theo"]
[Black "Clark, Jeff"]
[Result "1/2-1/2"]
[WhiteElo "2001"]
[BlackElo "2076"]
[PlyCount "45"]
[EventDate "2016.11.01"]
[EventType "swiss"]
[EventRounds "7"]
[EventCountry "CAN"]

1. c4 e5 2. g3 Nf6 3. Bg2 c6 4. d4 exd4 5. Qxd4 d5 6. Nf3 Be7 7. O-O O-O 8. e3
dxc4 9. Qxc4 Be6 10. Qc2 Qc8 11. Nc3 Bh3 12. b3 Bxg2 13. Kxg2 Na6 14. Bb2 Nb4
15. Qe2 Nbd5 16. Nxd5 Nxd5 17. Rac1 Bf6 18. Bxf6 Nxf6 19. Rfd1 Rd8 20. Nd4 Qg4
21. Qxg4 Nxg4 22. Nf5 Nf6 23. Nd4 1/2-1/2

[Event "Rosenbloom mem."]
[Site "Winnipeg CAN"]
[Date "2016.11.15"]
[Round "3"]
[White "Clark, Jeff"]
[Black "Bince, Rolando"]
[Result "0-1"]
[WhiteElo "2076"]
[BlackElo "1976"]
[PlyCount "109"]
[EventDate "2016.11.01"]
[EventType "swiss"]
[EventRounds "7"]
[EventCountry "CAN"]

1. d4 f5 2. Nc3 Nf6 3. Nf3 d6 4. g3 c6 5. Bg2 g6 6. O-O Bg7 7. Bg5 Nbd7 8. Re1
O-O 9. e4 fxe4 10. Nxe4 Nxe4 11. Rxe4 Nf6 12. Re1 h6 13. Bc1 Kh7 14. Nh4 Ng8
15. Qd3 Bf5 16. Nxf5 Rxf5 17. Be4 Rf6 18. h4 d5 19. Bxg6+ Kh8 20. Bh5 Qd7 21.
Be3 Qh3 22. Qe2 Qf5 23. Bg4 Qh7 24. Rad1 Qg6 25. Bh5 Qf5 26. Rd3 Raf8 27. Qg4
e5 28. Qxf5 Rxf5 29. Bg4 R5f7 30. dxe5 b6 31. f4 Rb7 32. Rc1 Ne7 33. c4 Rd8 34.
cxd5 Rxd5 35. Rxd5 Nxd5 36. Bd2 Rc7 37. Bf3 Ne7 38. Be4 a5 39. Be3 c5 40. a4
Rd7 41. Kf2 Kg8 42. Ke2 Kf7 43. Rd1 Rxd1 44. Kxd1 Ke6 45. Kd2 Nd5 46. Bf2 Bf8
47. Kd3 Be7 48. Kc4 Nc7 49. h5 Bd8 50. g4 Be7 51. Bg3 Bd8 52. f5+ Kd7 53. Bf4
Ne8 54. Bxh6 Bc7 55. Kd5 0-1

[Event "Rosenbloom mem."]
[Site "Winnipeg CAN"]
[Date "2016.11.15"]
[Round "3"]
[White "Magnusson, Saul"]
[Black "Dawa, Arvin"]
[Result "0-1"]
[WhiteElo "2075"]
[BlackElo "2239"]
[PlyCount "82"]
[EventDate "2016.11.01"]
[EventType "swiss"]
[EventRounds "7"]
[EventCountry "CAN"]

1. d4 Nf6 2. c4 g6 3. Nc3 Bg7 4. e4 d6 5. Nf3 O-O 6. Be2 e5 7. O-O Nc6 8. d5
Ne7 9. Be3 Ne8 10. Ne1 f5 11. f3 f4 12. Bf2 g5 13. Rc1 h5 14. c5 Ng6 15. cxd6
cxd6 16. Nb5 a6 17. Nc3 Rf7 18. Na4 Bf8 19. Nb6 Rb8 20. Nd3 Rg7 21. Qb3 Bd7 22.
Rc2 g4 23. Nxd7 Qxd7 24. Rfc1 Be7 25. Ne1 Bg5 26. Bxa6 g3 27. hxg3 fxg3 28. Ba7
Bxc1 29. Bb5 Qd8 30. Bxb8 Qxb8 31. Rxc1 Nf4 32. Qe3 Nc7 33. Be2 Qd8 34. Kf1 h4
35. Nd3 h3 36. Kg1 Nxg2 37. Qh6 Nh4 38. Rxc7 h2+ 39. Kh1 g2+ 40. Kxh2 g1=Q+ 41.
Kh3 Qg3# 0-1

[Event "Rosenbloom mem."]
[Site "Winnipeg CAN"]
[Date "2016.11.15"]
[Round "3"]
[White "Prince, Colin"]
[Black "Valentino, Marcos"]
[Result "0-1"]
[WhiteElo "1895"]
[BlackElo "2224"]
[PlyCount "95"]
[EventDate "2016.11.01"]
[EventType "swiss"]
[EventRounds "7"]
[EventCountry "CAN"]

1. d4 Nf6 2. c4 d6 3. Nf3 Nbd7 4. Nc3 e5 5. e4 Be7 6. Be2 O-O 7. O-O exd4 8.
Nxd4 Nc5 9. Bf3 Re8 10. Re1 a6 11. b3 Bf8 12. Bg5 h6 13. Bc1 g6 14. Bb2 Bg7 15.
Qc2 Bg4 16. Bd1 Bxd1 17. Raxd1 Nfd7 18. h3 Nb6 19. f4 Qh4 20. Qf2 Bf6 21. Re3
Re7 22. Rg3 Kh7 23. Qf3 Rae8 24. Rg4 Qh5 25. f5 g5 26. h4 Ncd7 27. Rg3 Qxh4 28.
Rh3 g4 29. Rxh4 gxf3 30. Rh3 fxg2 31. Bc1 Bg7 32. Kxg2 Rh8 33. Be3 Kg8 34. Rdh1
Nf6 35. Kf3 h5 36. Bg5 Nbd7 37. Rg1 Ne5+ 38. Kf4 Neg4 39. b4 Bh6 40. Nf3 Kf8
41. Bxh6+ Rxh6 42. Re1 Nf2 43. Rh4 Nd3+ 44. Kg5 Nxe1 45. Nxe1 Kg7 46. Ng2 Ng4
47. Rxh5 Rxh5+ 48. Kxh5 0-1

[Event "Rosenbloom mem."]
[Site "Winnipeg CAN"]
[Date "2016.11.15"]
[Round "3"]
[White "Rutter, Blair"]
[Black "Wolchock, Theo"]
[Result "1-0"]
[WhiteElo "1875"]
[BlackElo "2001"]
[PlyCount "97"]
[EventDate "2016.11.01"]
[EventType "swiss"]
[EventRounds "7"]
[EventCountry "CAN"]

1. c4 c5 2. g3 g6 3. Bg2 Bg7 4. Nc3 Nc6 5. e4 e6 6. Nge2 Nge7 7. O-O O-O 8. d3
a6 9. Be3 Nd4 10. Qd2 Nec6 11. f4 f5 12. h3 d6 13. Kh2 Rb8 14. Rae1 b5 15. cxb5
axb5 16. exf5 exf5 17. Bxd4 Nxd4 18. Nxd4 Bxd4 19. Nd5 Bd7 20. Re7 Rf7 21. Rfe1
Rxe7 22. Rxe7 Ra8 23. Rxd7 Qxd7 24. Nb6 Qe7 25. Nxa8 g5 26. b3 Be3 27. Bd5+ Kh8
28. Qb2+ Bd4 29. Qg2 Qe3 30. fxg5 f4 31. h4 fxg3+ 32. Kh3 Qxd3 33. Qf3 Qxf3 34.
Bxf3 Be5 35. Nb6 Kg7 36. Be4 h6 37. g6 h5 38. Nd5 c4 39. bxc4 bxc4 40. a4 c3
41. a5 g2 42. Kxg2 Bd4 43. a6 Ba7 44. Kf3 Kh6 45. Kf4 Bd4 46. Kf5 Kg7 47. Kg5
Bf2 48. Kxh5 Ba7 49. Kg5 1-0

[Event "Rosenbloom mem."]
[Site "Winnipeg CAN"]
[Date "2016.11.15"]
[Round "3"]
[White "Wiebe, Isaac"]
[Black "Gentes, Kevin"]
[Result "0-1"]
[WhiteElo "2186"]
[BlackElo "2363"]
[PlyCount "96"]
[EventDate "2016.11.01"]
[EventType "swiss"]
[EventRounds "7"]
[EventCountry "CAN"]

1. e4 e5 2. Nf3 Nc6 3. Bc4 g6 4. c3 Bg7 5. d4 d6 6. h3 Qe7 7. O-O Nf6 8. Re1
O-O 9. Nbd2 Nd7 10. Nf1 Nb6 11. Bb3 h6 12. Ne3 exd4 13. cxd4 Na5 14. Nd5 Qd8
15. Nxb6 axb6 16. Bd2 Nxb3 17. Qxb3 Bd7 18. Rac1 Re8 19. a3 Ba4 20. Qd3 c6 21.
Bc3 d5 22. exd5 Qxd5 23. Rxe8+ Rxe8 24. Re1 Rxe1+ 25. Nxe1 Qe6 26. Nf3 Bb3 27.
Ne5 g5 28. Qe3 Bd5 29. Ng4 h5 30. Qxe6 Bxe6 31. Ne5 f6 32. Nf3 Bd5 33. Nd2 Kf7
34. f3 f5 35. Kf2 Bf8 36. Bb4 c5 37. dxc5 bxc5 38. Bc3 b5 39. Nf1 f4 40. Nd2
Bd6 41. Ke2 c4 42. Ne4 Bxe4 43. fxe4 Ke6 44. Bd2 g4 45. hxg4 hxg4 46. Kf2 Ke5
47. g3 Bc5+ 48. Kf1 f3 0-1

[Event "Rosenbloom mem."]
[Site "Winnipeg CAN"]
[Date "2016.11.22"]
[Round "4"]
[White "Baron, Gustav"]
[Black "Magnusson, Saul"]
[Result "0-1"]
[WhiteElo "2076"]
[BlackElo "2075"]
[PlyCount "92"]
[EventDate "2016.11.01"]
[EventType "swiss"]
[EventRounds "7"]
[EventCountry "CAN"]

1. d4 Nf6 2. c4 g6 3. Nc3 d5 4. Bf4 Bg7 5. Nf3 O-O 6. e3 c5 7. dxc5 Na6 8. cxd5
Nxc5 9. Bc4 Nfe4 10. Be5 Bxe5 11. Nxe5 Qa5 12. Qd4 e6 13. O-O Nxc3 14. Qxc3
Qxc3 15. bxc3 Rd8 16. Rfd1 exd5 17. Rxd5 Rxd5 18. Bxd5 Be6 19. c4 Kf8 20. f3
Rc8 21. Kf2 Ke7 22. Rd1 f6 23. Ng4 h5 24. Nxf6 Kxf6 25. e4 Rc7 26. Ke3 Na4 27.
f4 Nb6 28. c5 Rxc5 29. e5+ Ke7 30. Bxb7 Rc3+ 31. Kf2 Rc2+ 32. Kg3 Rxa2 33. Rc1
Rd2 34. Kh4 Rd7 35. Ba6 Nd5 36. Kg5 Bf5 37. h3 Nc7 38. Bc8 Ne6+ 39. Kh6 Rc7 40.
Rxc7+ Nxc7 41. Bb7 Ne6 42. Bd5 a5 43. Ba2 a4 44. Kh7 Nc5 45. g4 Be6 46. Kxg6
Bxa2 0-1

[Event "Rosenbloom mem."]
[Site "Winnipeg CAN"]
[Date "2016.11.22"]
[Round "4"]
[White "Boron, Anthony"]
[Black "Prince, Colin"]
[Result "1-0"]
[WhiteElo "2032"]
[BlackElo "1895"]
[PlyCount "59"]
[EventDate "2016.11.01"]
[EventType "swiss"]
[EventRounds "7"]
[EventCountry "CAN"]

1. e4 e5 2. Nf3 Nc6 3. Bb5 a6 4. Bxc6 dxc6 5. O-O Bg4 6. h3 h5 7. d3 Qf6 8. Be3
Bxf3 9. Qxf3 Qxf3 10. gxf3 Ne7 11. f4 Ng6 12. fxe5 Nxe5 13. f4 Nd7 14. Nd2
O-O-O 15. Kf2 h4 16. Nf3 Nf6 17. Ne5 Be7 18. Nxf7 Nh5 19. Nxh8 Rxh8 20. Rg1 g5
21. f5 Bd6 22. Rxg5 Bg3+ 23. Kf3 Nf6 24. Bd4 Rf8 25. Bxf6 Rxf6 26. Rxg3 hxg3
27. Kxg3 Kd7 28. Rg1 Kd6 29. Kf4 Kc5 30. Rg6 1-0

[Event "Rosenbloom mem."]
[Site "Winnipeg CAN"]
[Date "2016.11.22"]
[Round "4"]
[White "Dawa, Arvin"]
[Black "Wiebe, Isaac"]
[Result "0-1"]
[WhiteElo "2239"]
[BlackElo "2186"]
[PlyCount "52"]
[EventDate "2016.11.01"]
[EventType "swiss"]
[EventRounds "7"]
[EventCountry "CAN"]

1. d4 e6 2. c4 f5 3. Nc3 Nf6 4. g3 Be7 5. Bg2 O-O 6. Bg5 h6 7. Bxf6 Bxf6 8. e4
fxe4 9. Nxe4 d5 10. Nxf6+ Qxf6 11. Nf3 dxc4 12. O-O Nc6 13. Qc2 Nxd4 14. Nxd4
Qxd4 15. Rad1 Qc5 16. Qc3 Rb8 17. Rd4 b5 18. Re1 Bb7 19. Bxb7 Rxb7 20. Rxe6 Qf5
21. Re2 Rbb8 22. Rde4 Rbd8 23. Re7 Rf7 24. Qe5 Rd1+ 25. Kg2 Qf3+ 26. Kh3 Rd5
0-1

[Event "Rosenbloom mem."]
[Site "Winnipeg CAN"]
[Date "2016.11.22"]
[Round "4"]
[White "Gentes, Kevin"]
[Black "Clark, Jeff"]
[Result "1-0"]
[WhiteElo "2363"]
[BlackElo "2076"]
[PlyCount "93"]
[EventDate "2016.11.01"]
[EventType "swiss"]
[EventRounds "7"]
[EventCountry "CAN"]

1. Nf3 Nf6 2. g3 g6 3. b4 Bg7 4. Bb2 O-O 5. c4 b6 6. Bg2 Bb7 7. O-O a5 8. b5 d6
9. d3 e5 10. Nbd2 Nbd7 11. Re1 Rb8 12. Qc2 Qe7 13. e4 Rbe8 14. Nf1 Bh6 15. Ne3
Nc5 16. Nd5 Nxd5 17. cxd5 Bg7 18. Qc4 Qd8 19. d4 exd4 20. Bxd4 Bxd4 21. Qxd4 f6
22. Re3 Bc8 23. Rae1 Bg4 24. Qc4 Bxf3 25. Bxf3 Qd7 26. Bg2 Re7 27. f4 Rfe8 28.
h4 Kg7 29. Kh2 Qd8 30. Qd4 Kf7 31. Bh3 Qb8 32. h5 Qd8 33. Bg4 Qb8 34. Kh3 Qd8
35. Kg2 Qa8 36. Bf3 Qd8 37. Rh1 Rh8 38. Ree1 Qe8 39. Qc4 Kg7 40. h6+ Kf7 41.
Re2 Rf8 42. Rhe1 Kg8 43. e5 fxe5 44. fxe5 Qf7 45. Rf1 dxe5 46. Ref2 Ree8 47.
Bg4 1-0